| 000 | 01740nam0a2200325 4500 | ||
|---|---|---|---|
| 001 | RU\NLR\bibl\227732 | ||
| 005 | 20260407071041.0 | ||
| 035 | _a(NLR Aleph) 000223719 | ||
| 090 |
_a1300849 _c1300849 |
||
| 100 | _a20020211d2000 |||y0rusy50 ca | ||
| 101 | 0 | _arus | |
| 102 | _aRU | ||
| 105 | _aa ||||||||| | ||
| 200 | 1 |
_aГеохимические процессы и полезные ископаемые _eТемат. вып. _e[Сб. ст.] _fАссоц. выпускников и сотрудников геол. фак. Иркут. гос. ун-та (ГеоИГУ) _g[Редкол.: В.В. Андреев (пред.) и др.] |
|
| 210 |
_aИркутск _cИГУ _d2000 |
||
| 215 |
_a279 с. _cил., портр. _d30 |
||
| 225 | 1 |
_aВестник ГеоИГУ _vN° 2 |
|
| 300 | _aРез. на англ. яз. | ||
| 316 |
_aС автогр. ред. _5NLR |
||
| 320 | _aБиблиогр. в конце ст. | ||
| 606 | 0 |
_aГеохимические процессы _jСборники _91044801 _3RU\NLR\auth\66402937 |
|
| 606 | 0 |
_aПолезные ископаемые _jСборники _xМесторождения _xГеохимия _91374240 _3RU\NLR\auth\66262330 |
|
| 686 | _aД450.43я43 | ||
| 686 | _aД312я43 | ||
| 702 | 1 |
_4340 _8rus _7ca _aАндреев _bВ. В. _cканд. геол.-минерал. наук _f1940-2009 _gВалерий Владимирович _3RU\NLR\auth\7750180 _933115 |
|
| 711 | 0 | 2 |
_aИркутский государственный университет _bГеологический факультет _bАссоциация выпускников и сотрудников _3RU\NLR\AUTH\8810034594 _9567495 |
| 801 | 0 |
_aRU _bNLR _c20020211 _gPSBO |
|
| 801 | 1 |
_aRU _bNLR _c20020211 |
|
| 942 | _cBOOK | ||
| 980 | _aNB | ||